| 000 | 00779nam a2200205Ia 4500 | ||
|---|---|---|---|
| 003 | GCL | ||
| 008 | 140319s9999 xx 000 0 ara d | ||
| 040 |
_aGCL / _cGCL |
||
| 082 | 0 | 4 |
_a780 _bم ح |
| 100 | 1 | _aالمجلس الاعلى لرعاية الفنون والاداب والعلوم الاجتماعية | |
| 245 | 1 | 0 |
_aحلقة بحث الموسيقى / _cالمجلس الاعلى لرعاية الفنون والاداب والعلوم الاجتماعية |
| 260 |
_aالقاهرة : _bدار المعارف |
||
| 300 | _a173 ص | ||
| 650 | 0 | 4 | _aالموسيقى |
| 650 | 0 | 4 | _aالموسيقى الشرقية |
| 650 | 0 | 4 | _aالسلم الموسيقى |
| 650 | 0 | 4 | _aالتأليف الموسيقى |
| 650 | 0 | 4 | _aالموسيقى المصرية |
| 942 |
_2ddc _cBK |
||
| 999 |
_c45031 _d45031 |
||